Miss France depuis 1990 - Statistiques

Statistiques générales
  • Ce quiz a été pris 75 fois
  • Le résultat moyen est 17 sur 33
Statistiques - réponses
Hint20 Réponse % Correct
2015 Camille Cerf
87%
2016 Iris Mittenaere
82%
2002 Sylvie Tellier
79%
2018 Maëva Coucke
78%
2021 Amandine Petit
75%
2001 Élodie Gossuin
75%
2022 Diane Leyre
67%
2012 Delphine Wespiser
66%
2013 Marine Lorphelin
66%
2000 Sonia Rolland
64%
2019 Vaimalama Chaves
64%
2010 Malika Ménard
63%
2011 Laury Thilleman
60%
2008 Valérie Bègue
60%
2014 Flora Coquerel
58%
2005 Cindy Fabre
57%
2020 Clémence Botino
57%
2007 Rachel Legrain-Trapani
55%
2006 Alexandra Rosenfeld
54%
2017 Alicia Aylies
54%
2009 Chloé Mortaud
48%
2003 Corinne Coman
48%
1999 Mareva Galanter
48%
1998 Sophie Thalmann
43%
2004 Lætitia Bléger
42%
1992 Linda Hardy
42%
1993 Véronique de la Cruz Frazer Harrison
22%
1996 Laure Belleville
19%
1991 Mareva Georges
19%
1994 Valérie Claisse
19%
1990 Gaëlle Voiry
18%
1997 Patricia Spehar
18%
1995 Mélody Vilbert
13%
Aucun quiz correspondant
Distribution des résultats
% des personnes avec chaque résultat
Percentile par nombre de réponses
Votre historique - résultats
Vous n’avez pas pris ce quiz